000 01251nam0a2200325 i 4500
001 RU\NLR\BIBL_A\011217983
005 20240921184259.0
010 _a9785389103993
_95000
021 _aRU
_b2016-68802
_94430
035 _a(NLR Aleph) 011217983
090 _a12008267
_c12008267
100 _a20160923d2016 u y0rusy50 ca
101 1 _arus
_ceng
102 _aRU
_aUA
105 _a z 000ay
200 1 _aЗолотое снадобье
_e[роман
_eдля старшего школьного возраста]
_fС.И. Гроув
_g[пер. с англ. Марии Семёновой]
210 _aСанкт-Петербург
_cАзбука
_cАзбука-Аттикус
_aКиев
_cМахаон-Украина
_d2016
215 _a586, [4] с.
_cкарт.
_d22
309 _aКн. в пояске
311 _aПродолж. кн. "Стеклянная карта"
333 _a12+
488 0 _12001#$aСтеклянная карта
_tСтеклянная карта
686 0 _aШ9(7США)62-4
700 1 _7ca
_8rus
_aГроув
_bС. И.
_9149119
_3RU\NLR\AUTH\770149155
942 _cBOOK
980 _aNBR